00835nam a22001935i 4500001000700000003000900007005001700016008004100033080001100074100002900085245021000114260014700324300002100471500002700492504003100519650002000550710003000570852004100600178629ES-MaACL20230906220556.0110609s1970 sp |||| | spa d a615.211 aEgozcue Cuixart, José.10aAnomalías celulares y cromosómicas "in vivo" e "in vitro" producidas por drogas alucinógenas / cresumen de la tesis presentada para aspirar al grado de doctor en medicina por José Egozcue Cuixart. aBarcelona : bUniversidad de Barcelona, Secretariado de Publicaciones, Intercambio Científico y Extensión Universitaria : bIvern, c1970. a11 p. ; c24 cm. aCub. tomada como port. aBibliografía : p. 10-11. 4aAlucinógenos.2 aUniversidad de Barcelona. aES-MaACLjE-15361 (35) xOlim P-1374